000
00260nam a2200109Ia 4500
008
221009s9999 xx 000 0 und d
082
_a
822/BES
100
_a
Besant,Annie
_9
23739
245
0
_a
Dharma
260
_b
The Theosophical Publishing House
942
_c
BK
999
_c
64765
_d
64765